header

Fraud smart (Record no. 144813)

MARC details
000 -LEADER
fixed length control field 02123nam a2200361 a 4500
082 04 - DEWEY DECIMAL CLASSIFICATION NUMBER
Classification number 658.4/73
100 1# - MAIN ENTRY--AUTHOR NAME
Personal name Pickett, K. H. Spencer.
245 10 - TITLE STATEMENT
Title Fraud smart
260 ## - PUBLICATION, DISTRIBUTION, ETC. (IMPRINT)
Place of publication West Sussex [England] :
Name of publisher John Wiley & Sons,
Year of publication 2011, c2012.
300 ## - PHYSICAL DESCRIPTION
Number of Pages xv, 258 p. :
Other physical details ill.
500 ## - GENERAL NOTE
General note Includes index.
505 0# - FORMATTED CONTENTS NOTE
Formatted contents note pt. 1. Understanding the threat -- pt. 2. Appreciating respective roles -- pt. 3. Embracing sound ethics -- pt. 4. Recognizing red flags -- pt. 5. Mastering suitable controls.
520 ## - SUMMARY, ETC.
Summary, etc "A professional guide to developing training for fraud risk and detection. This book provides a simple but effective method of developing a fraud risk awareness strategy that focuses on training employees using a six-stage approach to this task that involves understanding the threat, appreciating respective responsibilities, embracing a sound moral compass, recognizing red flags, mastering suitable internal controls, and managing the risk of fraud. Using this step-by-step approach, all senior executives, managers, employees, and associates can develop an important new skill set that will help them understand and deal with the risk of fraud in the workplace"--
650 #0 - SUBJECT ADDED ENTRY--TOPICAL TERM
Topical Term Employee theft.
Topical Term Employee crimes
Topical Term Fraud
Topical Term Auditing, Internal.
856 40 - ELECTRONIC LOCATION AND ACCESS
Uniform Resource Identifier http://site.ebrary.com/lib/rucke/Doc?id=10526648
520 ## - SUMMARY, ETC.
-- Provided by publisher.

No items available.

© 2026 Rongo University
Contact us: librarian | system librarian | Rongo university